Is yours an e-business? (Record no. 66964)

MARC details
000 -LEADER
fixed length control field 01132cam a2200229 4500
001 - CONTROL NUMBER
control field WB3718-15
008 - FIXED-LENGTH DATA ELEMENTS--GENERAL INFORMATION
fixed length control field 000000n2001 000 0 eng u
035 ## - SYSTEM CONTROL NUMBER
System control number (Sirsi) u112504
245 ## - TITLE STATEMENT
Title Is yours an e-business?
260 ## - PUBLICATION, DISTRIBUTION, ETC.
Date of publication, distribution, etc. 2001
490 ## - SERIES STATEMENT
Series statement DTI Press Release
Volume/sequential designation (P/2001/294) 8 May 2001 (2)
520 ## - SUMMARY, ETC.
Summary, etc. Government endorses study assessing the impact of e-commerce on UK business, including supermarkets, and electrical goods retailing. The current group of 26 studies is part of a DTI programme covering a cross-section of the economy, including high tech industries, traditional manufacturing industry, SMEs and services. The programme of sector impact studies was recommended in the report [email protected] by the Cabinet Office Performance and Innovation Unit in September 1999. The report is available at http://www.cabinet-office.gov.uk//Innovation
590 ## - LOCAL NOTE (RLIN)
Local note WB
650 ## - SUBJECT ADDED ENTRY--TOPICAL TERM
Topical term or geographic name entry element E-COMMERCE
650 ## - SUBJECT ADDED ENTRY--TOPICAL TERM
Topical term or geographic name entry element DTI
650 ## - SUBJECT ADDED ENTRY--TOPICAL TERM
Topical term or geographic name entry element RETAIL SECTOR
650 ## - SUBJECT ADDED ENTRY--TOPICAL TERM
Topical term or geographic name entry element UNITED KINGDOM
650 ## - SUBJECT ADDED ENTRY--TOPICAL TERM
Topical term or geographic name entry element BUSINESSES
650 ## - SUBJECT ADDED ENTRY--TOPICAL TERM
Topical term or geographic name entry element IMPACT STUDIES
690 ## - LOCAL SUBJECT ADDED ENTRY--TOPICAL TERM (OCLC, RLIN)
Topical term or geographic name as entry element MANAGEMENT-BUSINESS MANAGEMENT-INFORMATION MANAGEMENT
942 ## - ADDED ENTRY ELEMENTS (KOHA)
Suppress in OPAC 0
Holdings
Withdrawn status Lost status Source of classification or shelving scheme Damaged status Not for loan Home library Current library Shelving location Date acquired Total Checkouts Full call number Barcode Date last seen Copy number Price effective from Koha item type
    Dewey Decimal Classification     London London News article 09/05/2001   WB3718-15 112504-1001 06/08/2019 1 06/08/2019 News article